| 000 | 00370nam a22001337a 4500 | ||
|---|---|---|---|
| 082 |
_a341.481 _bNAD |
||
| 100 | _aNadeem, Mian Saddat Ali | ||
| 245 |
_aEastern Human Rights Law / _cMian Saddat Ali Nadeem |
||
| 260 |
_aLahore : _bEastern Law Book House, _cN.A. |
||
| 300 | _a283 p. | ||
| 563 | _aHB. | ||
| 650 |
_aLaw, Human Rights Law _9128237 |
||
| 942 |
_2ddc _cBK |
||
| 999 |
_c613277 _d613277 |
||